The study on land dispute resolution by the cadastral commision the systematic land registration adjudication areas in peam meanchey commune,peam ro district, prey veng province, សិក្សាពីការដោះស្រាយវិវាទដីធ្លីរបស់គណៈកម្មការសុរិយោដីក្នុងតំបន់វិនិច្ឆ័យនៃការចុះបញ្ជីដីធ្លីមានលក្ខណៈជាប្រព័ន្ធស្ថិតនៅឃុំពាមមានជ័យ ស្រុកពាមរក៏ ខេត្តព្រៃវែង (Record no. 25753)

000 -LEADER
fixed length control field 00919nam a22001217a 4500
040 ## - CATALOGING SOURCE
Transcribing agency RUA
082 ## - DEWEY DECIMAL CLASSIFICATION NUMBER
Classification number LMA YAN 2025 B701 Or.1
100 ## - MAIN ENTRY--AUTHOR NAME
Personal name YANN RAKSA, យ៉ាន់ រក្សា
245 ## - TITLE STATEMENT
Title The study on land dispute resolution by the cadastral commision the systematic land registration adjudication areas in peam meanchey commune,peam ro district, prey veng province, សិក្សាពីការដោះស្រាយវិវាទដីធ្លីរបស់គណៈកម្មការសុរិយោដីក្នុងតំបន់វិនិច្ឆ័យនៃការចុះបញ្ជីដីធ្លីមានលក្ខណៈជាប្រព័ន្ធស្ថិតនៅឃុំពាមមានជ័យ ស្រុកពាមរក៏ ខេត្តព្រៃវែង
260 ## - PUBLICATION, DISTRIBUTION, ETC. (IMPRINT)
Place of publication PHNOM PENH
Name of publisher RUA
Year of publication 2025
300 ## - PHYSICAL DESCRIPTION
Number of Pages x,35p.
Other physical details ill.
Dimensions 29cm.
942 ## - ADDED ENTRY ELEMENTS (KOHA)
Koha item type LMA
952 ## - LOCATION AND ITEM INFORMATION (KOHA)
Withdrawn status [LOCAL, KOHA] 0
952 ## - LOCATION AND ITEM INFORMATION (KOHA)
Withdrawn status [LOCAL, KOHA] 0
Holdings
Permanent Location Date acquired Koha item type Lost status Shelving location Barcode Current Location Full call number
Library Block B2026-05-12LMA B701B712349Library Block BLMA YAN 2025 B701 Or.1
Library Block B2026-05-12LMA B701B712327Library Block BLMA YAN 2025 B701 Or.2
មជ្ឈមណ្ឌលឯការនៃសាកលវិទ្យាល័យភូមិន្ទកសិកម្មចំការដូង

Powered by Koha